[Event "SRB-chT2 West"]
[Site "Kragujevac"]
[Date "2017.09.09"]
[Round "3"]
[White "Markovic, Sasa"]
[Black "Cukanovic, Petar"]
[Result "1/2-1/2"]
[WhiteElo "2158"]
[BlackElo "2158"]
[PlyCount "25"]
[EventDate "2017.09.08"]
[EventType "team-tourn"]
[EventRounds "11"]
[EventCountry "SRB"]
[SourceTitle "EXT 2022"]
[Source "ChessBase"]
[SourceDate "2021.10.06"]
[SourceVersion "1"]
[SourceVersionDate "2021.10.06"]
[SourceQuality "1"]

1. c4 e5 2. Nc3 Nf6 3. g3 Bb4 4. Bg2 Nc6 5. a3 Bxc3 6. bxc3 d6 7. d3 h6 8. Rb1 0-0 9. Nf3 Rb8 10. 0-0 Be6 11. h3 Nd7 12. Ne1 d5 13. e3 1/2-1/2

[Event "SRB-chT2 West"]
[Site "Kragujevac"]
[Date "2017.09.09"]
[Round "2"]
[White "Milosevic, Zoran"]
[Black "Markovic, Sasa"]
[Result "1-0"]
[WhiteElo "2209"]
[BlackElo "2158"]
[PlyCount "51"]
[EventDate "2017.09.08"]
[EventType "team-tourn"]
[EventRounds "11"]
[EventCountry "SRB"]
[SourceTitle "EXT 2022"]
[Source "ChessBase"]
[SourceDate "2021.10.06"]
[SourceVersion "1"]
[SourceVersionDate "2021.10.06"]
[SourceQuality "1"]

1. d4 Nf6 2. Nf3 e6 3. c4 d5 4. Nc3 Be7 5. Bg5 Nbd7 6. e3 0-0 7. Bd3 c6 8. 0-0 b6 9. cxd5 exd5 10. Rc1 Re8 11. h3 Bb7 12. Qe2 c5 13. Ba6 Qc8 14. Bxb7 Qxb7 15. dxc5 Nxc5 16. Rfd1 Rad8 17. Nb5 Nfe4 18. Bxe7 Rxe7 19. b4 Na6 20. Nfd4 Nb8 21. Nf5 Red7 22. Qg4 f6 23. f3 a6 24. Nbd4 Nd6 25. Ne6 Ne8 26. Nh6+ 1-0

[Event "SRB-chT2 West CS"]
[Site "Serbia"]
[Date "2016.10.07"]
[Round "8.4"]
[White "Markovic, Sasa"]
[Black "Dragasevic, Dragan"]
[Result "1-0"]
[WhiteElo "2136"]
[BlackElo "2190"]
[PlyCount "87"]
[EventDate "2016.09.04"]
[EventType "team-tourn"]
[EventRounds "11"]
[EventCountry "SRB"]
[SourceTitle "EXT 2018"]
[Source "ChessBase"]
[SourceDate "2017.10.13"]
[SourceVersion "1"]
[SourceVersionDate "2017.10.13"]
[SourceQuality "1"]

1. c4 c6 2. g3 d6 3. Bg2 Nf6 4. Nc3 e5 5. e4 Be7 6. Nge2 Bg4 7. h3 Be6 8. d3 h6 9. 0-0 Qc8 10. Kh2 Na6 11. f4 g6 12. Be3 Nc7 13. b4 h5 14. a4 h4 15. g4 Bxg4 16. d4 Bxe2 17. Nxe2 exf4 18. Nxf4 Ne6 19. Nd3 Nh5 20. d5 Neg7 21. c5 0-0 22. e5 dxe5 23. d6 Bf6 24. Ra2 Nf5 25. Bc1 Nhg3 26. Re1 Re8 27. Rf2 Qd7 28. Be4 Nxe4 29. Rxe4 Kg7 30. Qf3 Re6 31. Qg4 Ree8 32. Bb2 Rad8 33. Qf3 Re6 34. Qg4 Nh6 35. Qg2 Kh7 36. Rxf6 Rxf6 37. Rxh4 Rf5 38. Nxe5 Qe8 39. Ng4 f6 40. Nxh6 Rh5 41. Ng4 Qf7 42. Nxf6+ Kh6 43. Rxh5+ gxh5 44. Bc1# 1-0

[Event "Goracici Dragacevo op"]
[Site "Goracici"]
[Date "2015.05.24"]
[Round "1"]
[White "Markovic, Sasa"]
[Black "Perunovic, Milos"]
[Result "0-1"]
[WhiteElo "2134"]
[BlackElo "2662"]
[PlyCount "40"]
[EventDate "2015.05.24"]
[EventType "swiss"]
[EventRounds "9"]
[EventCountry "SRB"]
[SourceTitle "CBM 166 Extra"]
[Source "ChessBase"]
[SourceDate "2015.06.18"]
[SourceVersion "1"]
[SourceVersionDate "2015.06.18"]
[SourceQuality "1"]

1. d4 Nf6 2. Bg5 d5 3. Bxf6 gxf6 4. e3 c5 5. c3 Nc6 6. g3 e5 7. Bg2 Be6 8. Ne2 Qb6 9. Qb3 Qa6 10. f4 0-0-0 11. Kf2 h5 12. h4 Rg8 13. Rd1 Bg4 14. Bf3 Bxf3 15. Kxf3 Ne7 16. Na3 Qe6 17. dxc5 exf4 18. exf4 Nf5 19. Qb5 Qe3+ 20. Kg2 Nxg3 0-1